000 00199 a2200097 4500
001 47163
100 _aJoly C
245 _aTake these Men
260 _aLondon
_bConstable
_c
090 _c30219
_d30219
942 _aNUST-CAE
_cM
_c22469
999 _c282236
_d282236